00348 a2200133 450000100060000002000220000604000220002810000170005024000530006724500480012030000080016836200090017665000290018567186 a978.85.86234.80-4 cAnchieta - Pituba aBarker, Alan10aAprimore suas técnicas de comunicaçãolpor10aAprimore suas técnicas de comunicação a1730 a2007 4aMeios de comunicação